[Event "24.Offene Herner Stadtmeisterschaft 2023"]
[Site "Herne"]
[Date "2023.02.27"]
[Round "4.21"]
[White "Bock, Oswin"]
[Black "Feldhaus, Thomas"]
[Result "0-1"]
[WhiteElo "1378"]
[BlackElo "1690"]
[PlyCount "64"]
[SourceDate "2023.03.02"]

1. Nf3 e6 2. g3 d5 3. Bg2 Nf6 4. d3 c5 5. O-O Be7 6. c3 O-O 7. Nbd2 Nc6 8. Re1 e5 9. h3 Qc7 10. e4 d4 11. c4 a6 12. a3 b5 13. b3 Be6 14. Nh4 g6 15. Nf1 bxc4 16. bxc4 Rfb8 17. Bh6 Rb2 18. Nf3 Bf8 19. Qc1 Rab8 20. Bxf8 Kxf8 21. Qh6+ Kg8 22. Ng5 Qe7 23. Nxe6 Qxe6 24. Nh2 Rd2 25. Red1 Rxd1+ 26. Rxd1 Rb3 27. Ng4 g5 0-1

[Event "24.Offene Herner Stadtmeisterschaft 2023"]
[Site "?"]
[Date "2023.02.27"]
[Round "4.22"]
[White "Bialas, Jan-Philip"]
[Black "Nizak, Bodo"]
[Result "1-0"]
[WhiteElo "1675"]
[BlackElo "1602"]
[PlyCount "105"]
[SourceVersionDate "2023.02.28"]

1. d4 d5 2. Bf4 Bf5 3. Nf3 e6 4. e3 Nf6 5. c4 Bxb1 6. Rxb1 Bb4+ 7. Ke2 Bd6 8. Ne5 dxc4 9. Qa4+ c6 10. Qxc4 O-O 11. f3 Qe7 12. Kf2 Nh5 13. Bg3 Qg5 14. Bd3 Na6 15. f4 Qf6 16. Nd7 Qe7 17. Nxf8 Rxf8 18. a3 Nc7 19. Qb3 Nd5 20. Be4 g5 21. Bxd5 exd5 22. Qd1 Nf6 23. Re1 g4 24. Kg1 h5 25. Bh4 Re8 26. Bxf6 Qxf6 27. Qd3 Re4 28. b4 Qe7 29. g3 f5 30. Kf2 h4 31. Qb3 h3 32. b5 Bxa3 33. bxc6 bxc6 34. Qb8+ Qe8 35. Qxe8+ Rxe8 36. Rb3 Bd6 37. Rc1 a5 38. Rxc6 Bb4 39. Ke2 Kg7 40. Kd3 Kf7 41. Rb2 Be1 42. Rb7+ Kg8 43. Ke2 Bb4 44. Rbb6 Kg7 45. Rb7+ Kg8 46. Rcb6 Bf8 47. Rb8 Re7 48. Rf6 Rf7 49. Rxf7 Kxf7 50. Rb5 Ke6 51. Rxa5 Bb4 52. Ra6+ Kd7 53. Rf6 1-0

[Event "24.Offene Herner Stadtmeisterschaft 2023"]
[Site "Herne"]
[Date "2023.02.27"]
[Round "4.23"]
[White "Schmitz, Christian"]
[Black "Klein, Andreas"]
[Result "0-1"]
[WhiteElo "1362"]
[BlackElo "1673"]
[PlyCount "44"]
[SourceDate "2023.03.02"]

1. e4 c5 2. Nf3 e6 3. c3 Nc6 4. d4 cxd4 5. cxd4 d6 6. Nc3 Nf6 7. Bd3 Be7 8. O-O Bd7 9. a3 Rc8 10. e5 dxe5 11. dxe5 Ng4 12. Qe2 Bc5 13. h3 h5 14. hxg4 hxg4 15. Ng5 g3 16. Nge4 gxf2+ 17. Nxf2 Nd4 18. Qg4 Bc6 19. Nce4 Bxe4 20. Bxe4 Rh4 21. Bg5 Qxg5 22. Qd1 Rxe4 0-1

[Event "24.Offene Herner Stadtmeisterschaft 2023"]
[Site "?"]
[Date "2023.02.27"]
[Round "4.24"]
[White "Tolksdorf, Jürgen"]
[Black "Landwehr, Ingo"]
[Result "1/2-1/2"]
[WhiteElo "1666"]
[BlackElo "1511"]
[PlyCount "72"]
[SourceVersionDate "2023.02.28"]

1. e4 g6 2. d4 Bg7 3. Nc3 d6 4. Be3 a6 5. Nf3 Bg4 6. h3 Bxf3 7. Qxf3 Nc6 8. O-O-O e5 9. d5 Nce7 10. g4 h5 11. Be2 Nf6 12. Qg2 h4 13. f4 exf4 14. Bxf4 Nd7 15. Rhf1 Ne5 16. Qf2 Rh7 17. Bg5 Bh6 18. Bxh6 Rxh6 19. Nb1 g5 20. Nd2 N7g6 21. Nc4 Nf4 22. Nxe5 dxe5 23. Bc4 Qd6 24. Qe3 b5 25. Bb3 a5 26. a4 Qb4 27. axb5 a4 28. Ba2 Qxb5 29. Rf2 a3 30. bxa3 Rha6 31. Qc3 Rxa3 32. Qxe5+ Kf8 33. Qh8+ Ke7 34. Qe5+ Kd7 35. Qf5+ Ke8 36. Qe5+ Kf8 1/2-1/2

[Event "24.Offene Herner Stadtmeisterschaft 2023"]
[Site "?"]
[Date "2023.02.27"]
[Round "4.25"]
[White "Kümmel, Hans-Jürgen"]
[Black "Steinke"]
[Result "0-1"]
[WhiteElo "1329"]
[BlackElo "1644"]
[PlyCount "114"]
[SourceVersionDate "2023.02.28"]

1. Nf3 Nf6 2. g3 g6 3. Bg2 Bg7 4. O-O O-O 5. c4 d6 6. d4 Nbd7 7. Nc3 c6 8. e4 e5 9. dxe5 dxe5 10. Bg5 Qc7 11. Rb1 Nc5 12. Bxf6 Bxf6 13. Qc2 Be6 14. b3 Rad8 15. Rfd1 Qc8 16. Rxd8 Rxd8 17. Rd1 Rd7 18. Rxd7 Qxd7 19. Qd2 Qxd2 20. Nxd2 Nd3 21. Bf1 Nb4 22. Be2 Nc2 23. Bd1 Nd4 24. Kg2 Be7 25. Nf3 f6 26. Nxd4 exd4 27. Ne2 c5 28. Nf4 Bf7 29. Nd5 Bd8 30. g4 Be8 31. a4 Kf7 32. f4 Ke6 33. Kf3 g5 34. Bc2 h5 35. h3 h4 36. Bd3 a6 37. Bc2 Bd7 38. Bd3 Bc6 39. fxg5 fxg5 40. Bc2 b5 41. axb5 axb5 42. Bd3 bxc4 43. bxc4 Ba4 44. Ke2 Bb3 45. Kf3 Bd1+ 46. Kf2 Ke5 47. Kg2 Bb3 48. Kf3 Bd1+ 49. Kf2 Ba5 50. Kf1 Bf3 51. Kf2 Bxe4 52. Bxe4 Kxe4 53. Nf6+ Kd3 54. Kf3 Kxc4 55. Ne4 Bd8 56. Ke2 Kd5 57. Nd2 c4 0-1

[Event "24.Offene Herner Stadtmeisterschaft 2023"]
[Site "Herne"]
[Date "2023.02.27"]
[Round "4.26"]
[White "Foltin, Alica"]
[Black "Ehm, Christian"]
[Result "1-0"]
[WhiteElo "1623"]
[BlackElo "1345"]
[PlyCount "41"]
[SourceDate "2023.03.02"]

1. e4 e6 2. f4 d5 3. e5 c5 4. c3 Nh6 5. Nf3 a6 6. a4 Nc6 7. Bd3 d4 8. Na3 Nf5 9. O-O h6 10. Qe2 g5 11. g4 Nh4 12. f5 Qc7 13. Nxh4 gxh4 14. Nc4 Rb8 15. a5 b5 16. axb6 Rxb6 17. Nxb6 Qxb6 18. Bc4 Qc7 19. fxe6 Bxe6 20. Bxe6 fxe6 21. Qxa6 1-0

[Event "24.Offene Herner Stadtmeisterschaft 2023"]
[Site "?"]
[Date "2023.02.27"]
[Round "4.28"]
[White "Deutschmann, Jürgen"]
[Black "Oelmann, Barbara"]
[Result "1-0"]
[WhiteElo "1603"]
[BlackElo "762"]
[PlyCount "95"]
[SourceVersionDate "2023.02.28"]

1. d4 e6 2. Nc3 Nf6 3. Bf4 d5 4. Nb5 Bb4+ 5. c3 Ba5 6. a4 a6 7. b4 Bb6 8. a5 axb5 9. axb6 Na6 10. bxc7 Nxc7 11. Rxa8 Nxa8 12. e3 Bd7 13. Bd3 Qc8 14. Ne2 Nb6 15. Be5 Na4 16. Qc2 Ne4 17. Bxe4 dxe4 18. O-O f5 19. Bxg7 Rg8 20. Be5 Qc6 21. Rc1 Qc4 22. Nf4 Kf7 23. Qe2 Ke7 24. Qxc4 bxc4 25. d5 Kf7 26. Nh5 Rd8 27. d6 Nb2 28. Ra1 Nd3 29. Bd4 Bc6 30. Ra7 Bd5 31. g3 e5 32. Bb6 Rxd6 33. Bc7 Rh6 34. g4 Rg6 35. Kf1 Rxg4 36. Ra5 Ke6 37. Bd8 f4 38. Nf6 Rh4 39. h3 Rxh3 40. Kg2 Rf3 41. Ra2 fxe3 42. Nxd5 Nxf2 43. Nb6 Rf8 44. Bh4 Rg8+ 45. Kf1 Nh3 46. Rh2 Kf5 47. Rxh3 Kg4 48. Rg3+ 1-0

[Event "24.Offene Herner Stadtmeisterschaft 2023"]
[Site "?"]
[Date "2023.02.27"]
[Round "4.29"]
[White "Ponto, Michael"]
[Black "Vossen, Dieter"]
[Result "0-1"]
[WhiteElo "1552"]
[BlackElo "1500"]
[PlyCount "84"]
[SourceVersionDate "2023.02.28"]

1. d4 Nf6 2. c4 e6 3. Nf3 Bb4+ 4. Bd2 Bxd2+ 5. Nbxd2 b6 6. e4 Bb7 7. Bd3 d5 8. cxd5 exd5 9. e5 Ne4 10. O-O c5 11. dxc5 Nxd2 12. Qxd2 bxc5 13. Rac1 c4 14. Bb1 O-O 15. Rfe1 Nc6 16. Ng5 h6 17. Nh7 Re8 18. Rc3 Rxe5 19. Rxe5 Nxe5 20. Rg3 Ng6 21. Bxg6 fxg6 22. Rxg6 Kxh7 23. Rg3 Qe7 24. Re3 Qg5 25. Qc2+ Qg6 26. Qd1 Re8 27. Rg3 Qf6 28. Qc2+ g6 29. h4 Re1+ 30. Kh2 Qxh4+ 31. Rh3 Qf4+ 32. Rg3 Qe4 33. Qa4 Bc8 34. Qxa7+ Qe7 35. Qd4 Re4 36. Qxd5 Rh4+ 37. Rh3 Bxh3 38. gxh3 Re4 39. Qa8 Re1 40. Kg3 Qe5+ 41. Kf3 Qf5+ 42. Kg3 Rg1+ 0-1

[Event "24.Offene Herner Stadtmeisterschaft 2023"]
[Site "Herne"]
[Date "2023.02.27"]
[Round "4.30"]
[White "Krolik, Wilfried"]
[Black "Scheithauer, Ralf"]
[Result "0-1"]
[WhiteElo "1443"]
[BlackElo "1368"]
[PlyCount "102"]
[SourceDate "2023.03.02"]

1. e4 e5 2. Nf3 Nc6 3. Bc4 Bc5 4. c3 Nf6 5. d3 O-O 6. O-O a6 7. Bg5 h6 8. Bh4 Be7 9. Nbd2 d6 10. Re1 Na5 11. Bb3 Nxb3 12. axb3 Bg4 13. Nf1 Re8 14. Ng3 g5 15. Qd2 Bxf3 16. gxf3 gxh4 17. Nf5 Bf8 18. Nxh6+ Bxh6 19. Qxh6 Re6 20. Qxh4 Nh7 21. Qh3 Rg6+ 22. Kh1 Qf6 23. Rg1 Rxg1+ 24. Rxg1+ Kh8 25. Qg4 Rf8 26. Rg3 Qh6 27. Kg2 Qf6 28. Kh1 Re8 29. Kg2 Qh6 30. Kh1 Qf8 31. Rh3 Re6 32. Qh5 Qg7 33. Rg3 Rg6 34. Qf5 Rxg3 35. fxg3 Qf6 36. Qc8+ Kg7 37. Qg4+ Qg5 38. Qxg5+ Nxg5 39. Kg2 Kg6 40. h4 Ne6 41. b4 c5 42. bxc5 Nxc5 43. d4 Nd3 44. b3 f6 45. Kf1 a5 46. Ke2 Nc1+ 47. Kd2 Nxb3+ 48. Kc2 a4 49. d5 b5 50. Kb2 Nc5 51. g4 Nd3+ 0-1

[Event "24.Offene Herner Stadtmeisterschaft 2023"]
[Site "?"]
[Date "2023.02.27"]
[Round "4.31"]
[White "Rathke, Dieter"]
[Black "Meinberger, Manfred"]
[Result "1/2-1/2"]
[WhiteElo "1552"]
[BlackElo "1575"]
[PlyCount "67"]
[SourceVersionDate "2023.02.28"]

1. d4 e6 2. Nf3 d5 3. Bf4 Be7 4. Nbd2 Nf6 5. c4 O-O 6. h3 Re8 7. e3 Nbd7 8. c5 c6 9. Bd3 b6 10. b4 Bb7 11. O-O b5 12. Qc2 Nf8 13. a4 a6 14. Rfe1 Ng6 15. Bg3 Nd7 16. e4 Nf6 17. e5 Nd7 18. Nh2 Bh4 19. Bxh4 Qxh4 20. Ndf3 Qe7 21. Qd2 Ndf8 22. Ng4 Nh4 23. Nf6+ gxf6 24. Nxh4 fxe5 25. Qh6 e4 26. Bc2 f5 27. Re3 Qg7 28. Rg3 Ng6 29. Qd2 Kf7 30. f3 Qf6 31. Nxg6 hxg6 32. fxe4 dxe4 33. Rd1 Qh4 34. Re3 1/2-1/2

[Event "24.Offene Herner Stadtmeisterschaft 2023"]
[Site "?"]
[Date "2023.02.27"]
[Round "4.32"]
[White "Buchhop, Rainer"]
[Black "Pollerberg, Ameli"]
[Result "1-0"]
[WhiteElo "1440"]
[BlackElo "1478"]
[PlyCount "63"]
[SourceVersionDate "2023.02.28"]

1. Nf3 d5 2. c4 dxc4 3. e4 Nf6 4. Nc3 Bg4 5. Bxc4 e5 6. Qb3 Bd6 7. Bxf7+ Kf8 8. Ng5 h6 9. Bg6 Qd7 10. Qxb7 hxg5 11. Qxa8 Ke7 12. O-O c6 13. d3 Bc5 14. Na4 Bd4 15. Bd2 c5 16. Nxc5 Bxc5 17. Rac1 Bd6 18. Bxg5 Rg8 19. Qd5 Be6 20. Qa5 Nc6 21. Qa6 Nb4 22. Qa5 Nxd3 23. Rc2 Rb8 24. Qc3 Nc5 25. Rd1 Ncxe4 26. Bxe4 Bxa2 27. Rcd2 Rb6 28. Qg3 Ke6 29. Bxf6 gxf6 30. Qg4+ Ke7 31. Qg7+ Kd8 32. Qxf6+ 1-0

[Event "24.Offene Herner Stadtmeisterschaft 2023"]
[Site "Herne"]
[Date "2023.02.27"]
[Round "4.33"]
[White "Mrowetz, Josef"]
[Black "Böcher, Joachim"]
[Result "1/2-1/2"]
[WhiteElo "1470"]
[BlackElo "1459"]
[PlyCount "45"]
[SourceDate "2023.03.02"]

1. f4 d5 2. Nf3 e6 3. e3 c5 4. Be2 Nc6 5. Bb5 Bd7 6. Bxc6 Bxc6 7. O-O Nf6 8. b3 Be7 9. Bb2 O-O 10. Qe1 Nd7 11. d3 Bf6 12. Ne5 Rc8 13. Qg3 g6 14. Nd2 Nxe5 15. fxe5 Bg7 16. Nf3 b5 17. a3 Bb7 18. Ng5 Qd7 19. Rad1 h6 20. Nh3 Qe7 21. d4 c4 22. b4 Bc6 23. c3 1/2-1/2

[Event "24.Offene Herner Stadtmeisterschaft 2023"]
[Site "?"]
[Date "2023.03.06"]
[Round "5.1"]
[White "Quast, Marcel"]
[Black "Koscielski, Janusz"]
[Result "1/2-1/2"]
[WhiteElo "2218"]
[BlackElo "2220"]
[PlyCount "88"]
[EventDate "2023.??.??"]
[WhiteTeam "SC Gerthe 46 - Werne"]
[BlackTeam "SV Wattenscheid 1930 e"]

1. e4 c6 2. d4 d5 3. f3 e6 4. Nc3 Bb4 5. a3 Bxc3+ 6. bxc3 dxe4 7. Qe2 c5 8. Qxe4 cxd4 9. Bb5+ Nd7 10. Bxd7+ Qxd7 11. cxd4 Nf6 12. Qd3 b6 13. a4 O-O 14. a5 b5 15. Ne2 Nd5 16. Qd2 Ba6 17. c3 Rfe8 18. O-O b4 19. cxb4 Bxe2 20. Qxe2 Nxb4 21. Qd2 Nd5 22. Ba3 Rab8 23. Rab1 Rb5 24. Rxb5 Qxb5 25. Bc5 a6 26. Rc1 Rc8 27. Qa2 h6 28. Rb1 Qd3 29. Qb2 Nc3 30. Re1 Nb5 31. Kf2 Rd8 32. Re3 Qd1 33. Re1 Qa4 34. Ra1 Qc4 35. Rc1 Qd5 36. Bb6 Rb8 37. Rc2 Qd7 38. Qb4 Rc8 39. Bc5 Qd5 40. Re2 Rd8 41. Bb6 Rc8 42. Bc5 Rc7 43. Re5 Qc6 44. Bb6 Rc8 1/2-1/2

[Event "24.Offene Herner Stadtmeisterschaft 2023"]
[Site "?"]
[Date "2023.03.06"]
[Round "5.2"]
[White "Waldschmidt, Georg"]
[Black "Kiese, Matthias"]
[Result "0-1"]
[WhiteElo "2135"]
[BlackElo "2149"]
[PlyCount "90"]
[EventDate "2023.??.??"]
[WhiteTeam "SK Sodingen/Castrop 24/23 e. V."]
[BlackTeam "Bochumer SV 02"]

1. e4 c5 2. c3 d5 3. exd5 Qxd5 4. d4 Nc6 5. Nf3 Bg4 6. Be2 cxd4 7. cxd4 e6 8. Nc3 Qa5 9. h3 Bh5 10. d5 exd5 11. Nd4 Bxe2 12. Qxe2+ Be7 13. Nxc6 bxc6 14. O-O Rd8 15. Re1 d4 16. Ne4 Qb5 17. Qf3 Qd5 18. Qg3 Kf8 19. Bf4 Nf6 20. Nxf6 Bxf6 21. Bc7 Rd7 22. Qa3+ c5 23. Bf4 g5 24. Bd2 Kg7 25. f4 gxf4 26. Bxf4 d3 27. Rf1 Re8 28. Qa6 Re6 29. Qa4 Re4 30. Qb5 a6 31. Qb8 Qd4+ 32. Kh1 Qxb2 33. Qc8 Qd4 34. Bd2 Qd6 35. Rac1 Bd4 36. Rb1 Rd8 37. Qf5 Qg6 38. Qf3 Re2 39. Ba5 Rd6 40. Qa8 Qe4 41. Rxf7+ Kxf7 42. Rb7+ Kg6 43. Qg8+ Kh6 44. Qf8+ Kh5 45. Qf7+ Kh4 0-1

[Event "24.Offene Herner Stadtmeisterschaft 2023"]
[Site "?"]
[Date "2023.03.07"]
[Round "5.3"]
[White "Schulze-Schwering, Philipp"]
[Black "Trzaska, Peter"]
[Result "1/2-1/2"]
[WhiteElo "2037"]
[BlackElo "2036"]
[WhiteTeam "Turnverein Borken 1922 e. V."]
[BlackTeam "SV Erkenschwick 1923 e"]

1. d4 d5 2. Nf3 c6 3. g3 Bf5 4. Bg2 e6 5. c4 Nf6 6. Nc3 h6 7. Qb3 Qb6 8. c5 Qxb3 9. axb3 Na6 10. Na4 Be7 11. h3 Nc7 1/2-1/2

[Event "24.Offene Herner Stadtmeisterschaft 2023"]
[Site "?"]
[Date "2023.03.06"]
[Round "5.4"]
[White "Pinno, Gregor"]
[Black "Lang, Daniel"]
[Result "0-1"]
[WhiteElo "1911"]
[BlackElo "2116"]
[PlyCount "126"]
[EventDate "2023.??.??"]
[WhiteTeam "SF Olfen 1975"]
[BlackTeam "SV Wattenscheid 1930 e"]

1. e4 d5 2. exd5 Nf6 3. Nc3 Nxd5 4. d4 Nxc3 5. bxc3 g6 6. Nf3 Bg7 7. Bc4 O-O 8. O-O Nc6 9. Bf4 Na5 10. Be2 Be6 11. Ne5 c5 12. Bf3 cxd4 13. cxd4 Bd5 14. c3 Rc8 15. Bxd5 Qxd5 16. Qd3 Rfd8 17. Rfe1 e6 18. h4 Nc4 19. Nxc4 Qxc4 20. Qxc4 Rxc4 21. Rab1 Rd7 22. Rb3 Ra4 23. Re2 b6 24. h5 Rd5 25. hxg6 hxg6 26. Kf1 Rf5 27. Bb8 Rh5 28. Kg1 Kf8 29. g3 Ke8 30. Kg2 Kd7 31. Bf4 Kc6 32. Rb1 Ra3 33. Rc1 b5 34. c4 Bxd4 35. cxb5+ Kxb5 36. Rc7 Rf5 37. Rec2 g5 38. Bc1 Raf3 39. a4+ Ka6 40. R2c4 Bb6 41. Be3 g4 42. Rd7 Rd5 43. Re7 Rd1 44. Bxb6 axb6 45. Rcc7 Ka5 46. Rxf7 Rxf7 47. Rxf7 Kxa4 48. Rf4+ Ka3 49. Rxg4 b5 50. Rg7 b4 51. Ra7+ Kb2 52. Kf3 b3 53. Ke2 Rd5 54. f4 Kc2 55. Rc7+ Kb1 56. Rc6 b2 57. Rxe6 Rb5 58. g4 Rb3 59. Kd2 Ka2 60. Ra6+ Ra3 61. Rb6 b1=Q 62. Rxb1 Kxb1 63. g5 Rf3 0-1

[Event "24.Offene Herner Stadtmeisterschaft 2023"]
[Site "?"]
[Date "2023.03.06"]
[Round "5.5"]
[White "Hahn, Matthias"]
[Black "Wiechen, Ulrich"]
[Result "1-0"]
[WhiteElo "2084"]
[BlackElo "1941"]
[PlyCount "67"]
[EventDate "2023.??.??"]
[WhiteTeam "SV Bochum-Linden-Dahlh"]
[BlackTeam "SC Buer-Hassel 1919 e. V."]

1. e4 e5 2. Nf3 Nc6 3. Nc3 Bb4 4. Nd5 Ba5 5. a3 d6 6. b4 Bb6 7. a4 a6 8. Nxb6 cxb6 9. Rb1 Nf6 10. d3 Bg4 11. Be2 Rc8 12. c4 O-O 13. Be3 a5 14. bxa5 bxa5 15. Rxb7 Nd7 16. Rb5 f5 17. exf5 Bxf5 18. O-O h6 19. d4 e4 20. Nd2 Qf6 21. Bg4 Nxd4 22. Bxd4 Bxg4 23. Qxg4 Qxd4 24. Rd5 Qa7 25. Nxe4 Rxc4 26. Rxd6 Rxe4 27. Qxe4 Nf6 28. Qc4+ Kh8 29. Ra6 Qe7 30. Rxa5 Ne4 31. Qd4 Nxf2 32. Re5 Qa3 33. Re2 Nh3+ 34. gxh3 1-0

[Event "24.Offene Herner Stadtmeisterschaft 2023"]
[Site "?"]
[Date "2023.03.06"]
[Round "5.6"]
[White "Melmer, Felix"]
[Black "Cobanoglu, Ferhat"]
[Result "0-1"]
[WhiteElo "2031"]
[BlackElo "1911"]
[PlyCount "144"]
[EventDate "2023.??.??"]
[BlackTeam "SK Sodingen/Castrop 24/23 e. V."]

1. d4 d5 2. c4 e6 3. Nc3 Nf6 4. cxd5 exd5 5. Bg5 Be7 6. e3 Nbd7 7. Bd3 Nf8 8. Nge2 Ne6 9. Bh4 c6 10. Qc2 h6 11. O-O g5 12. Bg3 h5 13. Be5 h4 14. e4 Rh6 15. Bxf6 Bxf6 16. e5 Be7 17. Qd2 Qb6 18. Bb1 f6 19. Re1 fxe5 20. dxe5 d4 21. Na4 Qb4 22. Qxb4 Bxb4 23. Rc1 b5 24. Be4 Bd7 25. Rxc6 Rd8 26. Ra6 bxa4 27. Nxd4 Bc8 28. Bc6+ Kf8 29. Nxe6+ Rxe6 30. Rxa4 Bc5 31. Bf3 Rxe5 32. Rc1 Rd2 33. b4 Bxf2+ 34. Kh1 Be6 35. b5 Rxa2 36. Rb4 Bb6 37. h3 Bf2 38. Rf1 Bg3 39. Rd4 Rxb5 40. Bc6+ Rf2 41. Bxb5 Rxf1+ 42. Bxf1 Bf2 43. Re4 Kf7 44. Ba6 Kf6 45. Re2 Bb6 46. Kh2 Kf5 47. Bd3+ Kf6 48. Re1 a5 49. Rb1 Bc7+ 50. Kg1 Bd6 51. Bb5 Ke5 52. Ba4 Bc5+ 53. Kf1 Kd4 54. Ke2 Bf7 55. Rb8 Bh5+ 56. Kf1 Bg6 57. Rg8 Bd3+ 58. Ke1 Bb4+ 59. Kd1 Be7 60. Kd2 Be4 61. Rg7 Bf6 62. Rf7 Be5 63. Rd7+ Kc5 64. Ke3 Bxg2 65. Ra7 Kb6 66. Re7 Bf4+ 67. Kf2 Bxh3 68. Kf3 Kc5 69. Ra7 Kb4 70. Bc6 Bf1 71. Kg4 h3 72. Rh7 a4 0-1

[Event "24.Offene Herner Stadtmeisterschaft 2023"]
[Site "?"]
[Date "2023.03.06"]
[Round "5.7"]
[White "Löffelbein, Klaus"]
[Black "Radi, Günter"]
[Result "0-1"]
[WhiteElo "1834"]
[BlackElo "1837"]
[PlyCount "69"]
[EventDate "2023.??.??"]
[WhiteTeam "SC Gerthe 46 - Werne"]
[BlackTeam "SV Günnigfeld 1922 e."]

1. d4 d5 2. c4 e6 3. Nf3 Nf6 4. Nc3 Bb4 5. Bg5 O-O 6. e3 h6 7. Bh4 Nbd7 8. Rc1 c6 9. Bd3 Re8 10. O-O dxc4 11. Bxc4 Bxc3 12. bxc3 Qa5 13. Qc2 Nd5 14. Nd2 N5b6 15. Be2 e5 16. Nb3 Qa3 17. c4 Qf8 18. Bg3 exd4 19. Nxd4 Nc5 20. Rfd1 Rd8 21. Bc7 Rd7 22. Bf4 Ne6 23. Be5 Nxd4 24. exd4 Qe8 25. Rd3 f6 26. Bxf6 gxf6 27. Rg3+ Rg7 28. Qd3 Qf7 29. Rc3 Be6 30. Qe3 Kh7 31. Qf4 Rag8 32. Qh4 Rxg3 33. hxg3 Nd7 34. g4 Rg7 35. Rf3 0-1

[Event "24.Offene Herner Stadtmeisterschaft 2023"]
[Site "?"]
[Date "2023.03.07"]
[Round "5.8"]
[White "Ptaszyk, Henning"]
[Black "Schmidt, Ralph"]
[Result "0-1"]
[WhiteElo "1200"]
[BlackElo "1873"]
[WhiteTeam "SK Sodingen/Castrop 24/23 e. V."]
[BlackTeam "SV Bochum-Linden-Dahlh"]

1. e4 e5 2. Nf3 Nc6 3. Bc4 Bc5 4. c3 Nf6 5. d4 exd4 6. e5 d5 7. Bb5 Ne4 8. cxd4 Bb4+ 9. Bd2 Nxd2 10. Nbxd2 O-O 11. O-O Ne7 12. h3 Ng6 13. a3 Be7 14. Qc2 c6 15. Bd3 f5 16. Rfe1 Nf4 17. Bf1 Qe8 18. g3 Ne6 19. Nb3 Qh5 20. Nh2 Ng5 21. h4 Ne6 22. Be2 Qf7 23. f4 Qg6 24. Kf2 Nxf4 25. Nf3 Nxe2 26. Rxe2 f4 27. Qxg6 hxg6 28. Rg1 Bg4 29. Rf1 Bxf3 30. Kxf3 fxg3+ 31. Kg2 Rxf1 32. Kxf1 Rf8+ 33. Kg2 Bxh4 34. Nc5 b6 35. Nd3 a5 36. b4 axb4 37. Nxb4 Rc8 38. e6 Kf8 39. Nd3 Be7 40. Ne5 Bxa3 41. Nd7+ Ke7 42. Nxb6 Rb8 43. Ra2 Rxb6 44. Rxa3 Kxe6 45. Kxg3 Rb4 46. Rd3 Kd6 47. Kf4 c5 48. Kg5 Rxd4 49. Ra3 Rd1 50. Kxg6 Rg1+ 51. Kf5 Rf1+ 52. Kg6 d4 53. Kxg7 c4 0-1

[Event "24.Offene Herner Stadtmeisterschaft 2023"]
[Site "?"]
[Date "2023.03.06"]
[Round "5.9"]
[White "Nebel, Uwe"]
[Black "Schicktanz, Florian"]
[Result "1/2-1/2"]
[WhiteElo "1809"]
[BlackElo "1731"]
[PlyCount "117"]
[EventDate "2023.??.??"]
[WhiteTeam "SG Drewer 54 e."]
[BlackTeam "SV Erkenschwick 1923 e"]

1. e4 c5 2. Nc3 Nc6 3. Bb5 g6 4. Bxc6 dxc6 5. f4 Bg7 6. Nf3 Nf6 7. O-O O-O 8. d3 Ng4 9. Qe1 b6 10. h3 Nf6 11. Qh4 e6 12. Be3 Ba6 13. f5 Nd7 14. fxe6 fxe6 15. Qg4 Qe7 16. Ng5 Rae8 17. Rxf8+ Nxf8 18. Rf1 h6 19. Nf7 Kh7 20. e5 Nd7 21. Bg5 Nxe5 22. Qh4 Qd7 23. Nxe5 Qd4+ 24. Qxd4 cxd4 25. Ne4 Bxe5 26. Rf7+ Kg8 27. Rxa7 Bxd3 28. cxd3 hxg5 29. Nxg5 c5 30. b3 Bf4 31. Ne4 Be5 32. a4 Rb8 33. Re7 b5 34. Rxe6 bxa4 35. Rxe5 Rxb3 36. Re8+ Kf7 37. Ra8 Rxd3 38. Nxc5 Rd1+ 39. Kh2 Rc1 40. Nxa4 d3 41. Rd8 Rd1 42. Nc5 d2 43. Ne4 Ke7 44. Rxd2 Re1 45. Ng3 Kf7 46. Re2 Ra1 47. Ne4 Kg7 48. Kg3 Ra3+ 49. Kf4 Ra8 50. Rd2 Rf8+ 51. Kg4 Ra8 52. Rd7+ Kh6 53. Kf4 Rf8+ 54. Ke5 Rf5+ 55. Ke6 Rf1 56. g4 g5 57. Nf6 Rxf6+ 58. Ke5 Rf3 59. Rd4 1/2-1/2

[Event "24.Offene Herner Stadtmeisterschaft 2023"]
[Site "?"]
[Date "2023.03.07"]
[Round "5.10"]
[White "Kleinert, Andreas, Dr."]
[Black "Dlouhy, Peter"]
[Result "1/2-1/2"]
[WhiteElo "1749"]
[BlackElo "1750"]
[WhiteTeam "SC Buer-Hassel 1919 e. V."]
[BlackTeam "SV Unser Fritz Wanne-E"]

1. c4 b6 2. Nc3 Bb7 3. e4 e6 4. g3 Bb4 5. Nge2 f5 6. Bg2 Nf6 7. O-O Nxe4 8. Qb3 Bxc3 9. bxc3 Nc5 10. Qc2 Bxg2 11. Kxg2 Ne4 12. d3 Nf6 13. Be3 c5 14. d4 Qc7 15. Rfe1 O-O 16. Rad1 Qb7+ 17. f3 Qa6 18. Qb3 Rc8 19. dxc5 bxc5 20. Bc1 e5 21. Bg5 e4 22. Bxf6 exf3+ 23. Kxf3 Qxf6 24. Nf4 Nc6 25. Nd5 Qg5 26. Qb7 Qh5+ 27. Kg2 Rcb8 28. Nf4 Rxb7 29. Nxh5 Kf7 30. Nf4 Re8 31. Rxe8 Kxe8 32. Rd5 g6 33. Nd3 Ne7 34. Rxc5 d6 35. Rb5 Rc7 36. c5 dxc5 37. c4 Kf7 38. Nxc5 a6 39. Ra5 Nc8 40. Nd3 Nd6 41. c5 Nb7 42. Rxa6 Nxc5 43. Nxc5 Rxc5 44. Ra7+ Kf6 45. a4 f4 46. a5 Rc2+ 47. Kg1 Ra2 48. a6 Ra1+ 49. Kg2 Ra2+ 50. Kg1 Ra1+ 51. Kf2 Ra2+ 52. Kg1 1/2-1/2

[Event "24.Offene Herner Stadtmeisterschaft 2023"]
[Site "?"]
[Date "2023.03.06"]
[Round "5.11"]
[White "Hammerich, Simon"]
[Black "Bialas, Jan-Philip"]
[Result "1/2-1/2"]
[WhiteElo "2092"]
[BlackElo "1675"]
[PlyCount "66"]
[EventDate "2023.??.??"]
[WhiteTeam "SC Buer-Hassel 1919 e. V."]
[BlackTeam "SV Datteln 1924"]

1. d4 d6 2. Nf3 g6 3. c4 Bg7 4. Nc3 Nd7 5. e4 e5 6. h3 exd4 7. Nxd4 Ngf6 8. Bg5 O-O 9. Be2 Qe8 10. Ndb5 Qe5 11. Bxf6 Nxf6 12. Nxc7 Rb8 13. Qd3 Bd7 14. O-O Bc6 15. N7d5 Nd7 16. Rab1 Nc5 17. Qc2 Rfe8 18. Bf3 Ne6 19. Ne2 Ng5 20. Bg4 Bxd5 21. cxd5 Qxe4 22. Qb3 h5 23. Ng3 Qd4 24. Bd7 Re7 25. Bb5 a6 26. Bxa6 b5 27. Bxb5 h4 28. Nh1 Re5 29. a4 Ne4 30. Rbd1 Nd2 31. Qa3 Rg5 32. Rxd2 Qxd2 33. Qxd6 Be5 1/2-1/2

[Event "24.Offene Herner Stadtmeisterschaft 2023"]
[Site "?"]
[Date "2023.03.06"]
[Round "5.12"]
[White "Feldhaus, Thomas"]
[Black "Rohloff, Markus"]
[Result "1-0"]
[WhiteElo "1690"]
[BlackElo "1881"]
[PlyCount "109"]
[EventDate "2023.??.??"]
[WhiteTeam "Springer Recklinghausen"]
[BlackTeam "SV Rot-Weiß-Altenessen"]

1. d4 Nf6 2. Nc3 g6 3. e4 d6 4. Bg5 Bg7 5. Qd2 O-O 6. Bh6 e5 7. Bxg7 Kxg7 8. dxe5 dxe5 9. Qxd8 Rxd8 10. Nf3 Nc6 11. Bc4 Nd4 12. Nxd4 exd4 13. Nd5 Nxd5 14. exd5 b5 15. Bxb5 Rxd5 16. Bc6 Re5+ 17. Kd2 Rb8 18. b3 Rb6 19. Bf3 Rc5 20. Rhe1 Re6 21. Be4 Rce5 22. Bd3 Bb7 23. Rxe5 Rxe5 24. g3 Kf6 25. Rc1 Rc5 26. Bc4 Be4 27. f4 Bd5 28. Bxd5 Rxd5 29. Re1 Rd7 30. Re5 h6 31. h4 Rd6 32. Kd3 Rc6 33. Kxd4 Rxc2 34. Ra5 Rg2 35. Rxa7 Rxg3 36. Rxc7 Rg4 37. Rc6+ Kf5 38. a4 Rxf4+ 39. Kc5 Rxh4 40. a5 Rh1 41. a6 Ra1 42. Kb6 g5 43. Rc5+ Kf4 44. Ra5 Re1 45. a7 Re8 46. a8=Q Rxa8 47. Rxa8 g4 48. Kc5 g3 49. b4 g2 50. Rg8 Kf3 51. b5 Kf2 52. b6 f5 53. b7 f4 54. b8=Q f3 55. Qg3+ 1-0

[Event "24.Offene Herner Stadtmeisterschaft 2023"]
[Site "?"]
[Date "2023.03.07"]
[Round "5.13"]
[White "Klein, Andreas"]
[Black "Funke, Eckhard"]
[Result "1-0"]
[WhiteElo "1673"]
[BlackElo "1868"]
[WhiteTeam "SC Buer-Hassel 1919 e. V."]
[BlackTeam "SV Günnigfeld 1922 e."]

1. e4 d5 2. exd5 Qxd5 3. Nc3 Qd6 4. Nf3 Nf6 5. d3 c6 6. Be2 h6 7. h3 Bf5 8. Be3 e6 9. Qd2 Nbd7 10. a3 Nd5 11. Nxd5 Qxd5 12. c4 Qd6 13. Qc3 Be7 14. Rd1 c5 15. Qc1 Bf6 16. Bf4 Qb6 17. Rd2 O-O 18. O-O Rad8 19. Be3 Ne5 20. Nxe5 Bxe5 21. b4 Bd4 22. Bxd4 Rxd4 23. Qc3 Rfd8 24. Rfd1 Qd6 25. bxc5 Qxc5 26. Bf3 Qd6 27. Bxb7 Qf4 28. g3 Qg5 29. Bg2 h5 30. Qa5 Qg6 31. Qe5 f6 32. Qe3 e5 33. Kh2 Rxd3 34. Rxd3 Bxd3 35. Bd5+ Rxd5 36. cxd5 e4 37. d6 Qf5 38. f3 Qe5 39. Rxd3 exd3 40. Qxd3 1-0